000 01026cab a2200253 4500
001 WB3312-48
008 090401t1997 xxu||||| |||| 00| 0 eng d
035 _a(Sirsi) u77176
041 _aeng
245 _aRiparian development rights
260 _c1997
350 _a0
490 _aEstates Gazette Case Summaries
_v1997 EGCS 33 (15/3/97)
520 _a"Swan Hill Developments Ltd v British Waterways Board" CA 25 February 1997. BWB refused a single-bank developer`s request to build new bridges over the Grand Union Canal. Developer claimed right to do so under Grand Junction Canal Act 1793. Dispute by BWB over whether the relevant provision was limited to owners of both banks. BWB appealed. Appeal dismissed.
650 _aBRIDGES
650 _aCANALS
650 _aDEVELOPMENT
650 _aGRAND JUNCTION CANAL ACT 1793
650 _aSWAN HILL DEVELOPMENTS LTD V BRITISH WATERWAYS BOARD
650 _aWATERWAYS
690 _aPROPERTY LAW AND PRACTICE-CASE LAW
942 _n0
948 _c18/03/1997
999 _c48505
_d48505